| 000 | 00359nam a2200145Ia 4500 | ||
|---|---|---|---|
| 008 | 230718s9999 xx 000 0 und d | ||
| 041 | _aEng. | ||
| 082 |
_a348.5491 _bLAT-P |
||
| 100 | _aLate malik mir mhammad | ||
| 245 | 0 | _aP.L.D pakistan law decism | |
| 260 |
_aPakistan _bAll pakistan legal decism _c2021 |
||
| 300 | _a626 | ||
| 650 | _aLaw | ||
| 999 |
_c32968 _d32968 |
||